Country by Autonomous Region - Statistics

General Stats
  • This quiz has been taken 93 times
  • The average score is 12 of 15
Answer Stats
Region Country % Correct
Wales United Kingdom
100%
Macau China
98%
Kurdistan Region Iraq
98%
Svalbard Norway
95%
Åland Finland
94%
Zanzibar Tanzania
94%
Papua Indonesia
91%
Ceuta Spain
87%
Madeira Portugal
79%
Dagestan Russia
76%
Vojvodina Serbia
73%
Bougainville Papua New Guinea
72%
Karakalpakstan Uzbekistan
62%
Bangsamoro Philippines
38%
Rotuma Fiji
27%
No matching quizzes found
Score Distribution
Percent of People with Each Score
Percentile by Number Answered
Your Score History
You have not taken this quiz